| 000 | 00383nam a2200157Ia 4500 | ||
|---|---|---|---|
| 001 | 38321 | ||
| 005 | 20240114002005.0 | ||
| 007 | ta | ||
| 008 | 070712s g b000 u u | ||
| 082 |
_a551.4 _bSh 11 Pe |
||
| 100 | _aSharmah, H S . | ||
| 245 | 0 |
_aPerspective in Geo----(11) / _cH S Sharmah. _hTextual Documents |
|
| 653 | _aGeography | ||
| 942 |
_2ddc _cBK |
||
| 999 |
_c38295 _d38295 |
||